[Event "U14 Polish Youth Championship"]
[Site "chess24.com"]
[Date "2018.05.03"]
[Round "7"]
[White "Suder, Jakub"]
[Black "Jozefczyk, Szymon"]
[Result "1/2-1/2"]
[Board "15"]
[WhiteElo "1895"]
[WhiteCountry "POL"]
[WhiteFideId "1195310"]
[WhiteEloChange "-7"]
[BlackElo "1562"]
[BlackCountry "POL"]
[BlackFideId "21837171"]
[BlackEloChange "7"]

1. d4 {[%clk 1:30:57]} d5 {[%clk 1:30:54]} 2. c4 {[%clk 1:31:22]} e6 {[%clk
1:31:07]} 3. Nc3 {[%clk 1:31:41]} Nf6 {[%clk 1:31:03]} 4. cxd5 {[%clk 1:32:04]}
exd5 {[%clk 1:31:15]} 5. Bg5 {[%clk 1:32:29]} Be7 {[%clk 1:30:37]} 6. e3 {[%clk
1:32:54]} Nbd7 {[%clk 1:30:05]} 7. Bd3 {[%clk 1:33:13]} O-O {[%clk 1:28:56]} 8.
Nge2 {[%clk 1:33:15]} c6 {[%clk 1:25:14]} 9. Qc2 {[%clk 1:33:30]} Re8 {[%clk
1:23:00]} 10. O-O {[%clk 1:33:13]} Nf8 {[%clk 1:19:46]} 11. Rad1 {[%clk 1:32:39]}
Ng6 {[%clk 1:15:00]} 12. Ng3 {[%clk 1:29:12]} Nd7 {[%clk 1:11:05]} 13. Bxe7
{[%clk 1:28:41]} Qxe7 {[%clk 1:09:50]} 14. Rde1 {[%clk 1:27:32]} Nf6 {[%clk
1:07:30]} 15. f4 {[%clk 1:20:16]} Bd7 {[%clk 1:04:25]} 16. f5 {[%clk 1:17:44]}
Nf8 {[%clk 1:02:24]} 17. Qf2 {[%clk 1:11:42]} Qd6 {[%clk 1:00:04]} 18. e4 {[%clk
1:06:05]} dxe4 {[%clk 0:53:09]} 19. Ngxe4 {[%clk 1:04:16]} Nxe4 {[%clk 0:53:02]}
20. Nxe4 {[%clk 1:03:28]} Qd5 {[%clk 0:48:22]} 21. Bc2 {[%clk 0:59:33]} Qxa2
{[%clk 0:37:10]} 22. f6 {[%clk 0:56:00]} Ng6 {[%clk 0:27:01]} 23. fxg7 {[%clk
0:54:03]} Kxg7 {[%clk 0:24:54]} 24. b3 {[%clk 0:53:27]} f5 {[%clk 0:12:51]} 25.
Nc5 {[%clk 0:45:53]} Rxe1 {[%clk 0:10:54]} 26. Rxe1 {[%clk 0:45:00]} Re8 {[%clk
0:08:31]} 27. Rxe8 {[%clk 0:42:07]} Bxe8 {[%clk 0:08:09]} 28. Ne6+ {[%clk
0:39:59]} Kg8 {[%clk 0:07:33]} 29. h4 {[%clk 0:30:49]} Bf7 {[%clk 0:04:05]} 30.
Qxf5 {[%clk 0:25:46]} Bxe6 {[%clk 0:02:42]} 31. Qxe6+ {[%clk 0:26:00]} Kg7 {[%clk
0:03:04]} 32. Qe4 {[%clk 0:11:33]} Qa1+ {[%clk 0:02:08]} 33. Bb1 {[%clk 0:10:20]}
Qc3 {[%clk 0:02:19]} 34. Kh2 {[%clk 0:07:00]} 1/2-1/2

[Event "U14 Polish Youth Championship"]
[Site "chess24.com"]
[Date "2018.05.03"]
[Round "7"]
[White "Skawinski, Szymon"]
[Black "Kacprzak, Karol"]
[Result "1/2-1/2"]
[Board "16"]
[WhiteElo "1399"]
[WhiteCountry "POL"]
[WhiteFideId "21802149"]
[WhiteEloChange "8"]
[BlackElo "1794"]
[BlackCountry "POL"]
[BlackFideId "21819327"]
[BlackEloChange "-8"]

1. e4 {[%clk 1:30:58]} c5 {[%clk 1:30:55]} 2. c3 {[%clk 1:31:19]} d5 {[%clk
1:30:05]} 3. exd5 {[%clk 1:31:42]} Qxd5 {[%clk 1:29:43]} 4. d4 {[%clk 1:32:01]}
Nf6 {[%clk 1:28:12]} 5. Nf3 {[%clk 1:32:16]} Bg4 {[%clk 1:27:37]} 6. Be2 {[%clk
1:32:35]} cxd4 {[%clk 1:26:33]} 7. cxd4 {[%clk 1:32:18]} e6 {[%clk 1:26:33]} 8.
Nc3 {[%clk 1:32:36]} Bb4 {[%clk 1:27:12]} 9. O-O {[%clk 1:32:40]} Qd8 {[%clk
1:25:12]} 10. Be3 {[%clk 1:32:24]} Nc6 {[%clk 1:23:30]} 11. a3 {[%clk 1:31:35]}
Be7 {[%clk 1:22:04]} 12. Rc1 {[%clk 1:28:03]} O-O {[%clk 1:21:29]} 13. Qb3 {[%clk
1:23:09]} Qd7 {[%clk 1:16:09]} 14. Rfd1 {[%clk 1:21:28]} Nd5 {[%clk 1:06:30]} 15.
Nxd5 {[%clk 1:19:47]} exd5 {[%clk 1:06:52]} 16. h3 {[%clk 1:15:43]} Bh5 {[%clk
1:02:49]} 17. Bf4 {[%clk 1:11:15]} Rac8 {[%clk 1:01:09]} 18. Ne5 {[%clk 1:00:35]}
Nxe5 {[%clk 1:00:44]} 19. Bxh5 {[%clk 1:00:56]} Nc4 {[%clk 0:58:03]} 20. Bf3
{[%clk 0:58:31]} Rc6 {[%clk 0:55:11]} 21. Qb5 {[%clk 0:53:20]} Rd8 {[%clk
0:54:20]} 22. Re1 {[%clk 0:50:26]} Bf8 {[%clk 0:52:16]} 23. Bg5 {[%clk 0:47:47]}
f6 {[%clk 0:49:54]} 24. Bg4 {[%clk 0:45:32]} Qf7 {[%clk 0:49:36]} 25. Bf4 {[%clk
0:42:13]} f5 {[%clk 0:48:27]} 26. Bf3 {[%clk 0:39:58]} h6 {[%clk 0:46:50]} 27.
Rb1 {[%clk 0:33:21]} g5 {[%clk 0:36:51]} 28. Bc1 {[%clk 0:27:56]} Kh8 {[%clk
0:30:21]} 29. Qb3 {[%clk 0:25:41]} Bg7 {[%clk 0:30:23]} 30. Qd3 {[%clk 0:25:02]}
Rdc8 {[%clk 0:23:30]} 31. b3 {[%clk 0:22:39]} Nd6 {[%clk 0:23:36]} 32. Bd2 {[%clk
0:21:50]} Ne4 {[%clk 0:21:18]} 33. Rbc1 {[%clk 0:18:34]} Qf6 {[%clk 0:17:39]} 34.
Rxc6 {[%clk 0:15:13]} Rxc6 {[%clk 0:17:40]} 35. Bxe4 {[%clk 0:14:31]} dxe4 {[%clk
0:17:04]} 36. Qb5 {[%clk 0:13:15]} Rc2 {[%clk 0:12:23]} 37. Be3 {[%clk 0:12:05]}
Qf7 {[%clk 0:10:18]} 38. d5 {[%clk 0:11:21]} a6 {[%clk 0:10:07]} 39. Qa5 {[%clk
0:10:36]} Kh7 {[%clk 0:10:00]} 40. Qd8 {[%clk 0:09:48]} Bf6 {[%clk 0:09:20]} 41.
Qd6 {[%clk 0:09:41]} Rc3 {[%clk 0:08:23]} 42. Rc1 {[%clk 0:09:39]} Rxc1+ {[%clk
0:08:12]} 43. Bxc1 {[%clk 0:10:35]} Qe7 {[%clk 0:07:42]} 44. Qb6 {[%clk 0:10:12]}
Be5 {[%clk 0:07:24]} 45. Be3 {[%clk 0:09:57]} Bd6 {[%clk 0:07:21]} 1/2-1/2

[Event "U14 Polish Youth Championship"]
[Site "chess24.com"]
[Date "2018.05.03"]
[Round "7"]
[White "Kozlowski, Michal"]
[Black "Koziorowicz, Michal"]
[Result "0-1"]
[Board "17"]
[WhiteElo "1648"]
[WhiteCountry "POL"]
[WhiteFideId "21838194"]
[WhiteEloChange "-5"]
[BlackElo "1860"]
[BlackCountry "POL"]
[BlackFideId "21809194"]
[BlackEloChange "5"]

1. e4 {[%clk 1:30:59]} c5 {[%clk 1:30:53]} 2. Nf3 {[%clk 1:31:24]} d6 {[%clk
1:31:18]} 3. d4 {[%clk 1:31:43]} cxd4 {[%clk 1:31:41]} 4. Nxd4 {[%clk 1:32:08]}
Nf6 {[%clk 1:32:06]} 5. f3 {[%clk 1:32:23]} g6 {[%clk 1:32:04]} 6. c4 {[%clk
1:32:45]} Bg7 {[%clk 1:32:30]} 7. Nc3 {[%clk 1:33:09]} Nc6 {[%clk 1:32:54]} 8.
Be3 {[%clk 1:32:12]} O-O {[%clk 1:31:47]} 9. Nc2 {[%clk 1:32:03]} a5 {[%clk
1:30:19]} 10. Be2 {[%clk 1:31:12]} a4 {[%clk 1:29:45]} 11. O-O {[%clk 1:30:29]}
Qa5 {[%clk 1:29:19]} 12. Qd2 {[%clk 1:20:00]} Nd7 {[%clk 1:24:01]} 13. Rab1
{[%clk 1:15:22]} Nde5 {[%clk 1:05:47]} 14. Nd5 {[%clk 1:07:50]} Qxd2 {[%clk
0:55:32]} 15. Bxd2 {[%clk 1:08:14]} Be6 {[%clk 0:55:59]} 16. Bc3 {[%clk 1:00:03]}
Bxd5 {[%clk 0:54:06]} 17. cxd5 {[%clk 0:57:40]} Na5 {[%clk 0:53:03]} 18. Ne3
{[%clk 0:51:20]} Rfc8 {[%clk 0:51:17]} 19. Rbc1 {[%clk 0:40:02]} a3 {[%clk
0:40:29]} 20. Bxe5 {[%clk 0:19:25]} Bxe5 {[%clk 0:39:03]} 21. bxa3 {[%clk
0:16:19]} Bb2 {[%clk 0:38:04]} 22. Rcd1 {[%clk 0:11:53]} Rc3 {[%clk 0:35:49]} 23.
Rd3 {[%clk 0:11:31]} Rxd3 {[%clk 0:30:50]} 24. Bxd3 {[%clk 0:11:56]} Bd4 {[%clk
0:30:59]} 25. Kf2 {[%clk 0:09:14]} Rc8 {[%clk 0:29:22]} 26. Ke2 {[%clk 0:08:58]}
Bxe3 {[%clk 0:26:10]} 27. Kxe3 {[%clk 0:09:23]} Rc3 {[%clk 0:26:34]} 28. Rf2
{[%clk 0:08:34]} Rxa3 {[%clk 0:25:25]} 29. Rc2 {[%clk 0:08:34]} b5 {[%clk
0:19:50]} 30. Kd2 {[%clk 0:06:53]} b4 {[%clk 0:17:20]} 31. Rb2 {[%clk 0:06:14]}
b3 {[%clk 0:16:45]} 32. axb3 {[%clk 0:06:37]} Nxb3+ {[%clk 0:16:57]} 33. Ke2
{[%clk 0:06:59]} Nc1+ {[%clk 0:17:11]} 0-1

[Event "U14 Polish Youth Championship"]
[Site "chess24.com"]
[Date "2018.05.03"]
[Round "7"]
[White "Cwiek, Ryszard"]
[Black "Czarniecki, Pawel"]
[Result "1-0"]
[Board "18"]
[WhiteElo "1809"]
[WhiteCountry "POL"]
[WhiteFideId "21840920"]
[WhiteEloChange "2"]
[BlackElo "1412"]
[BlackCountry "POL"]
[BlackFideId "21810109"]
[BlackEloChange "-2"]

1. e4 {[%clk 1:30:58]} c5 {[%clk 1:30:56]} 2. Ne2 {[%clk 1:31:07]} e6 {[%clk
1:30:11]} 3. Nbc3 {[%clk 1:30:13]} a6 {[%clk 1:29:08]} 4. a4 {[%clk 1:29:01]} Qc7
{[%clk 1:28:17]} 5. g3 {[%clk 1:28:06]} Nf6 {[%clk 1:28:22]} 6. Bg2 {[%clk
1:27:53]} Be7 {[%clk 1:28:06]} 7. f4 {[%clk 1:25:57]} d6 {[%clk 1:28:17]} 8. d3
{[%clk 1:25:10]} O-O {[%clk 1:28:32]} 9. O-O {[%clk 1:24:38]} Nc6 {[%clk
1:28:22]} 10. h3 {[%clk 1:23:22]} Bd7 {[%clk 1:25:44]} 11. g4 {[%clk 1:22:45]}
Rab8 {[%clk 1:22:46]} 12. g5 {[%clk 1:20:54]} Ne8 {[%clk 1:22:58]} 13. f5 {[%clk
1:18:08]} f6 {[%clk 1:20:02]} 14. g6 {[%clk 1:17:28]} h6 {[%clk 1:20:13]} 15. Qe1
{[%clk 1:16:53]} Ne5 {[%clk 1:15:10]} 16. Qh4 {[%clk 1:15:46]} Nf7 {[%clk
1:13:57]} 17. gxf7+ {[%clk 1:14:53]} Rxf7 {[%clk 1:14:11]} 18. Qg3 {[%clk
1:14:16]} d5 {[%clk 1:08:42]} 19. fxe6 {[%clk 1:13:07]} Bxe6 {[%clk 1:08:51]} 20.
Qxc7 {[%clk 1:12:59]} Nxc7 {[%clk 1:09:12]} 21. Bf4 {[%clk 1:13:03]} Bd8 {[%clk
1:08:52]} 22. exd5 {[%clk 1:12:57]} Bd7 {[%clk 1:08:39]} 23. Ne4 {[%clk 1:12:24]}
b6 {[%clk 1:07:05]} 24. N2c3 {[%clk 1:11:39]} f5 {[%clk 1:04:33]} 25. Nd2 {[%clk
1:09:52]} Rc8 {[%clk 1:03:55]} 26. Nc4 {[%clk 1:09:58]} Ne8 {[%clk 1:03:27]} 27.
Ne5 {[%clk 1:09:10]} Re7 {[%clk 1:02:54]} 28. d6 {[%clk 1:08:58]} Nxd6 {[%clk
1:02:21]} 29. Nd5 {[%clk 1:09:17]} Rxe5 {[%clk 1:00:25]} 30. Bxe5 {[%clk
1:09:40]} Nf7 {[%clk 1:00:44]} 31. Bh2 {[%clk 1:09:29]} Ng5 {[%clk 0:56:51]} 32.
Rfe1 {[%clk 1:07:59]} Ne6 {[%clk 0:55:01]} 33. Nf4 {[%clk 1:06:53]} Nd4 {[%clk
0:54:48]} 34. Bd5+ {[%clk 1:05:52]} Kh7 {[%clk 0:54:35]} 35. Ne6 {[%clk 1:02:45]}
Bxe6 {[%clk 0:53:49]} 36. Bxe6 {[%clk 1:03:11]} Rc6 {[%clk 0:54:01]} 37. Bg8+
{[%clk 1:02:29]} Kxg8 {[%clk 0:52:48]} 38. Re8+ {[%clk 1:02:53]} Kh7 {[%clk
0:52:39]} 39. Rxd8 {[%clk 1:03:16]} Rg6+ {[%clk 0:52:05]} 40. Kf2 {[%clk
1:03:18]} Nxc2 {[%clk 0:52:21]} 41. Rg1 {[%clk 1:02:45]} Re6 {[%clk 0:50:09]} 42.
Rd7 {[%clk 1:02:09]} Rg6 {[%clk 0:49:47]} 43. Rxg6 {[%clk 1:02:06]} Kxg6 {[%clk
0:50:11]} 44. Be5 {[%clk 1:01:38]} Nb4 {[%clk 0:49:20]} 45. Rxg7+ {[%clk
1:01:55]} Kh5 {[%clk 0:49:45]} 46. Ke2 {[%clk 1:01:53]} Nd5 {[%clk 0:48:52]} 47.
Rd7 {[%clk 1:01:39]} Nb4 {[%clk 0:48:31]} 48. Rd6 {[%clk 1:01:55]} Kg5 {[%clk
0:47:49]} 49. Rxb6 {[%clk 1:01:30]} h5 {[%clk 0:47:30]} 50. Rxb4 {[%clk 1:00:26]}
cxb4 {[%clk 0:47:53]} 51. Kf3 {[%clk 1:00:52]} b3 {[%clk 0:47:47]} 52. d4 {[%clk
1:01:04]} Kh4 {[%clk 0:47:30]} 53. Kf4 {[%clk 1:01:24]} Kxh3 {[%clk 0:47:46]} 54.
Kxf5 {[%clk 1:01:48]} h4 {[%clk 0:48:10]} 55. d5 {[%clk 1:02:04]} Kg2 {[%clk
0:48:29]} 56. d6 {[%clk 1:02:29]} h3 {[%clk 0:48:51]} 57. d7 {[%clk 1:02:55]} a5
{[%clk 0:49:03]} 58. d8Q {[%clk 1:03:03]} h2 {[%clk 0:49:26]} 59. Qd2+ {[%clk
1:03:22]} Kf3 {[%clk 0:49:31]} 60. Qd3+ {[%clk 1:03:33]} Kg2 {[%clk 0:49:45]} 61.
Qe2+ {[%clk 1:03:45]} Kg1 {[%clk 0:49:42]} 62. Bd4+ {[%clk 1:03:58]} Kh1 {[%clk
0:49:51]} 63. Qf3# {[%clk 1:04:20]} 1-0

[Event "U14 Polish Youth Championship"]
[Site "chess24.com"]
[Date "2018.05.03"]
[Round "7"]
[White "Kujawa, Krzysztof"]
[Black "Panek, Bartosz"]
[Result "0-1"]
[Board "19"]
[WhiteElo "1595"]
[WhiteCountry "POL"]
[WhiteFideId "1194500"]
[WhiteEloChange "-7"]
[BlackElo "1688"]
[BlackCountry "POL"]
[BlackFideId "1198220"]
[BlackEloChange "7"]

1. e4 {[%clk 1:30:54]} e6 {[%clk 1:30:56]} 2. d4 {[%clk 1:31:09]} d5 {[%clk
1:31:20]} 3. Nc3 {[%clk 1:31:31]} Nf6 {[%clk 1:31:44]} 4. e5 {[%clk 1:31:39]}
Nfd7 {[%clk 1:32:11]} 5. Nf3 {[%clk 1:31:47]} c5 {[%clk 1:32:25]} 6. dxc5 {[%clk
1:31:32]} Bxc5 {[%clk 1:32:48]} 7. Bd3 {[%clk 1:30:13]} Nc6 {[%clk 1:32:55]} 8.
Bf4 {[%clk 1:30:06]} f6 {[%clk 1:31:54]} 9. exf6 {[%clk 1:28:39]} Nxf6 {[%clk
1:32:19]} 10. O-O {[%clk 1:28:19]} O-O {[%clk 1:32:41]} 11. Bg3 {[%clk 1:18:19]}
a6 {[%clk 1:31:51]} 12. Qd2 {[%clk 1:16:48]} Bd6 {[%clk 1:32:03]} 13. Rfe1 {[%clk
1:11:31]} Bxg3 {[%clk 1:32:13]} 14. hxg3 {[%clk 1:11:55]} Qc7 {[%clk 1:31:51]}
15. Qg5 {[%clk 1:07:48]} Bd7 {[%clk 1:25:24]} 16. Re2 {[%clk 1:00:33]} Rae8
{[%clk 1:25:04]} 17. Rae1 {[%clk 0:58:50]} e5 {[%clk 1:19:58]} 18. Bf5 {[%clk
0:51:26]} h6 {[%clk 1:13:45]} 19. Qg6 {[%clk 0:50:44]} Ne7 {[%clk 1:11:00]} 20.
Nxd5 {[%clk 0:47:33]} Nexd5 {[%clk 1:10:32]} 21. Bxd7 {[%clk 0:46:43]} Nxd7
{[%clk 1:09:46]} 22. Nd4 {[%clk 0:43:38]} Qb6 {[%clk 1:08:29]} 23. Qxb6 {[%clk
0:41:42]} N5xb6 {[%clk 1:06:10]} 24. f4 {[%clk 0:42:03]} Rf7 {[%clk 1:00:54]} 25.
fxe5 {[%clk 0:41:31]} Rfe7 {[%clk 1:00:03]} 26. e6 {[%clk 0:41:15]} Nf8 {[%clk
1:00:24]} 27. Re5 {[%clk 0:29:39]} g6 {[%clk 0:58:51]} 28. b3 {[%clk 0:29:00]}
Na8 {[%clk 0:57:34]} 29. Rc5 {[%clk 0:27:42]} Nc7 {[%clk 0:56:06]} 30. Kf2 {[%clk
0:26:30]} Nfxe6 {[%clk 0:56:04]} 31. Nxe6 {[%clk 0:26:50]} Nxe6 {[%clk 0:56:22]}
32. Rce5 {[%clk 0:26:57]} Kf7 {[%clk 0:56:17]} 33. c4 {[%clk 0:27:09]} Ng5 {[%clk
0:56:03]} 34. Rxe7+ {[%clk 0:27:27]} Rxe7 {[%clk 0:56:30]} 35. Rh1 {[%clk
0:27:26]} h5 {[%clk 0:56:25]} 36. Rd1 {[%clk 0:27:46]} Kf6 {[%clk 0:56:19]} 37.
Rd6+ {[%clk 0:27:52]} Re6 {[%clk 0:56:42]} 38. Rd7 {[%clk 0:28:15]} b6 {[%clk
0:57:04]} 39. Ra7 {[%clk 0:28:03]} a5 {[%clk 0:57:25]} 40. a3 {[%clk 0:28:21]}
Ne4+ {[%clk 0:57:31]} 41. Kg1 {[%clk 0:28:43]} Nd2 {[%clk 0:57:23]} 0-1

[Event "U14 Polish Youth Championship"]
[Site "chess24.com"]
[Date "2018.05.03"]
[Round "7"]
[White "Bartoszewski-Reiski, Olaf"]
[Black "Majdanski, Maksymilian"]
[Result "0-1"]
[Board "20"]
[WhiteElo "1668"]
[WhiteCountry "POL"]
[WhiteFideId "21819351"]
[WhiteEloChange "-11"]
[BlackElo "1626"]
[BlackCountry "POL"]
[BlackFideId "21820570"]
[BlackEloChange "11"]

1. e4 {[%clk 1:30:56]} e5 {[%clk 1:30:56]} 2. Bc4 {[%clk 1:31:20]} Nf6 {[%clk
1:26:28]} 3. d3 {[%clk 1:31:33]} Nc6 {[%clk 1:25:35]} 4. Nc3 {[%clk 1:31:36]} Bc5
{[%clk 1:25:18]} 5. f4 {[%clk 1:31:52]} exf4 {[%clk 1:25:31]} 6. Bxf4 {[%clk
1:32:00]} d6 {[%clk 1:25:38]} 7. Nge2 {[%clk 1:23:18]} Be6 {[%clk 1:07:00]} 8.
Bb3 {[%clk 1:19:51]} Nd4 {[%clk 1:01:15]} 9. h3 {[%clk 1:13:34]} Nh5 {[%clk
0:52:16]} 10. Qd2 {[%clk 0:57:30]} Qh4+ {[%clk 0:41:07]} 11. Kd1 {[%clk 0:57:13]}
h6 {[%clk 0:36:46]} 12. Be3 {[%clk 0:53:04]} Ng3 {[%clk 0:26:35]} 13. Nxg3 {[%clk
0:44:02]} Qxg3 {[%clk 0:26:25]} 14. Bf4 {[%clk 0:44:24]} Qg6 {[%clk 0:25:20]} 15.
Nd5 {[%clk 0:43:53]} Kd7 {[%clk 0:21:33]} 16. c3 {[%clk 0:36:24]} Qh5+ {[%clk
0:17:08]} 17. Kc1 {[%clk 0:30:26]} Nxb3+ {[%clk 0:17:28]} 18. axb3 {[%clk
0:30:28]} Bxd5 {[%clk 0:17:56]} 19. exd5 {[%clk 0:30:35]} Qxd5 {[%clk 0:18:13]}
20. d4 {[%clk 0:30:44]} Bb6 {[%clk 0:17:40]} 21. c4 {[%clk 0:31:08]} Qxd4 {[%clk
0:17:22]} 22. Qxd4 {[%clk 0:31:13]} Bxd4 {[%clk 0:17:50]} 23. Rd1 {[%clk
0:31:40]} Bc5 {[%clk 0:17:09]} 24. Ra4 {[%clk 0:31:20]} a5 {[%clk 0:17:06]} 25.
Bd2 {[%clk 0:30:50]} b6 {[%clk 0:17:04]} 26. Kc2 {[%clk 0:30:45]} Rae8 {[%clk
0:16:35]} 27. Raa1 {[%clk 0:30:41]} Re2 {[%clk 0:16:15]} 28. Rf1 {[%clk 0:30:50]}
f6 {[%clk 0:15:59]} 29. g4 {[%clk 0:31:11]} Bb4 {[%clk 0:15:01]} 30. Rad1 {[%clk
0:31:26]} Rhe8 {[%clk 0:14:29]} 31. Rf3 {[%clk 0:31:32]} Bxd2 {[%clk 0:13:49]}
32. Rxd2 {[%clk 0:31:49]} Rxd2+ {[%clk 0:14:07]} 33. Kxd2 {[%clk 0:32:09]} Re5
{[%clk 0:14:29]} 34. Kd3 {[%clk 0:32:17]} Ke6 {[%clk 0:14:39]} 35. Rf2 {[%clk
0:32:32]} f5 {[%clk 0:14:14]} 36. gxf5+ {[%clk 0:32:46]} Rxf5 {[%clk 0:14:37]}
37. Rg2 {[%clk 0:33:09]} g5 {[%clk 0:14:52]} 38. Ke4 {[%clk 0:32:48]} Rf4+ {[%clk
0:15:07]} 39. Ke3 {[%clk 0:33:03]} Kf5 {[%clk 0:15:15]} 40. Rd2 {[%clk 0:33:17]}
Re4+ {[%clk 0:15:10]} 41. Kf3 {[%clk 0:33:32]} h5 {[%clk 0:14:53]} 42. Rd5+
{[%clk 0:33:49]} Re5 {[%clk 0:15:15]} 43. Rd4 {[%clk 0:34:06]} b5 {[%clk
0:14:27]} 44. Rd3 {[%clk 0:34:19]} g4+ {[%clk 0:13:51]} 45. hxg4+ {[%clk
0:34:27]} hxg4+ {[%clk 0:14:17]} 46. Kf2 {[%clk 0:34:46]} bxc4 {[%clk 0:14:03]}
47. bxc4 {[%clk 0:35:14]} Kf4 {[%clk 0:14:00]} 48. b3 {[%clk 0:35:26]} Re4 {[%clk
0:13:29]} 49. Rc3 {[%clk 0:35:36]} Rd4 {[%clk 0:13:09]} 50. c5 {[%clk 0:35:48]}
d5 {[%clk 0:12:49]} 51. c6 {[%clk 0:35:47]} Rb4 {[%clk 0:12:04]} 52. Rc5 {[%clk
0:35:52]} g3+ {[%clk 0:11:52]} 53. Kg1 {[%clk 0:35:42]} d4 {[%clk 0:11:11]} 54.
Rxa5 {[%clk 0:35:48]} Rxb3 {[%clk 0:11:26]} 55. Ra4 {[%clk 0:36:11]} Kf3 {[%clk
0:11:25]} 56. Ra1 {[%clk 0:36:23]} Rc3 {[%clk 0:09:13]} 57. Rf1+ {[%clk 0:36:08]}
Kg4 {[%clk 0:09:05]} 58. Rf6 {[%clk 0:36:24]} d3 {[%clk 0:08:43]} 0-1

[Event "U14 Polish Youth Championship"]
[Site "chess24.com"]
[Date "2018.05.03"]
[Round "7"]
[White "Topola, Rafal"]
[Black "Wasik, Mateusz"]
[Result "0-1"]
[Board "21"]
[WhiteElo "1660"]
[WhiteCountry "POL"]
[WhiteFideId "21830533"]
[WhiteEloChange "-11"]
[BlackElo "1624"]
[BlackCountry "POL"]
[BlackFideId "21867666"]
[BlackEloChange "11"]

1. e4 {[%clk 1:30:57]} c5 {[%clk 1:30:56]} 2. Nf3 {[%clk 1:31:23]} Nc6 {[%clk
1:31:20]} 3. d4 {[%clk 1:31:49]} cxd4 {[%clk 1:31:46]} 4. Nxd4 {[%clk 1:32:11]}
Qb6 {[%clk 1:32:11]} 5. Nb3 {[%clk 1:32:15]} e6 {[%clk 1:32:28]} 6. Be3 {[%clk
1:32:11]} Qc7 {[%clk 1:32:51]} 7. a3 {[%clk 1:32:04]} Nf6 {[%clk 1:33:11]} 8. Nc3
{[%clk 1:32:28]} a6 {[%clk 1:33:28]} 9. Be2 {[%clk 1:31:32]} b5 {[%clk 1:33:23]}
10. O-O {[%clk 1:31:28]} Bb7 {[%clk 1:33:39]} 11. Nc5 {[%clk 1:29:57]} Bc8 {[%clk
1:32:53]} 12. Nb3 {[%clk 1:26:41]} Be7 {[%clk 1:32:03]} 13. f4 {[%clk 1:26:26]}
d6 {[%clk 1:32:28]} 14. Bf3 {[%clk 1:26:12]} Bb7 {[%clk 1:32:52]} 15. Nd4 {[%clk
1:26:00]} Na5 {[%clk 1:31:58]} 16. Bf2 {[%clk 1:21:02]} O-O {[%clk 1:31:31]} 17.
Qd3 {[%clk 1:16:51]} Rac8 {[%clk 1:30:17]} 18. a4 {[%clk 1:16:03]} b4 {[%clk
1:27:51]} 19. Na2 {[%clk 1:15:03]} d5 {[%clk 1:19:43]} 20. e5 {[%clk 1:12:32]}
Ne4 {[%clk 1:16:21]} 21. Bxe4 {[%clk 1:11:07]} dxe4 {[%clk 1:16:04]} 22. Qe2
{[%clk 1:07:33]} Rfd8 {[%clk 1:14:17]} 23. c3 {[%clk 1:03:34]} Bd5 {[%clk
1:00:02]} 24. Rfc1 {[%clk 0:49:12]} Qb7 {[%clk 0:42:38]} 25. Nxb4 {[%clk
0:46:44]} Bxb4 {[%clk 0:40:57]} 26. cxb4 {[%clk 0:47:06]} Qxb4 {[%clk 0:41:11]}
27. Qxa6 {[%clk 0:41:52]} Rxc1+ {[%clk 0:39:26]} 28. Rxc1 {[%clk 0:42:05]} Qxb2
{[%clk 0:38:22]} 29. Re1 {[%clk 0:42:24]} e3 {[%clk 0:26:47]} 30. Rxe3 {[%clk
0:40:06]} Ra8 {[%clk 0:25:50]} 31. Qd3 {[%clk 0:38:45]} Qa1+ {[%clk 0:16:55]} 32.
Re1 {[%clk 0:38:20]} Qxa4 {[%clk 0:17:14]} 33. Qb5 {[%clk 0:38:31]} Qa3 {[%clk
0:14:56]} 34. Nc2 {[%clk 0:37:10]} Qc3 {[%clk 0:13:45]} 35. Nd4 {[%clk 0:24:44]}
Qd2 {[%clk 0:09:18]} 36. Rb1 {[%clk 0:23:44]} h6 {[%clk 0:08:22]} 37. g3 {[%clk
0:15:39]} Nc4 {[%clk 0:07:09]} 38. Qc5 {[%clk 0:05:46]} Ra2 {[%clk 0:05:48]} 39.
Rf1 {[%clk 0:02:53]} Qd3 {[%clk 0:01:40]} 40. Nc6 {[%clk 0:00:31]} Qf3 {[%clk
0:01:06]} 41. Ne7+ {[%clk 0:00:50]} Kh7 {[%clk 0:01:25]} 42. Nxd5 {[%clk
0:01:12]} exd5 {[%clk 0:01:17]} 43. Qd4 {[%clk 0:00:58]} Nd2 {[%clk 0:00:46]} 44.
Re1 {[%clk 0:00:31]} Qb3 {[%clk 0:00:38]} 45. Kg2 {[%clk 0:00:28]} Nf3 {[%clk
0:00:44]} 46. Qe3 {time} 0-1

[Event "U14 Polish Youth Championship"]
[Site "chess24.com"]
[Date "2018.05.03"]
[Round "7"]
[White "Kalkowski, Igor"]
[Black "Haliniak, Wojciech"]
[Result "1/2-1/2"]
[Board "22"]
[WhiteElo "1720"]
[WhiteCountry "POL"]
[WhiteFideId "21833966"]
[WhiteEloChange "-3"]
[BlackElo "1614"]
[BlackCountry "POL"]
[BlackFideId "21838461"]
[BlackEloChange "3"]

1. e4 {[%clk 1:30:57]} c5 {[%clk 1:30:56]} 2. Nc3 {[%clk 1:31:21]} Nc6 {[%clk
1:31:17]} 3. f4 {[%clk 1:31:44]} g6 {[%clk 1:31:19]} 4. Nf3 {[%clk 1:32:04]} Bg7
{[%clk 1:31:43]} 5. Bb5 {[%clk 1:32:05]} Nd4 {[%clk 1:19:40]} 6. O-O {[%clk
1:32:16]} e6 {[%clk 1:15:41]} 7. d3 {[%clk 1:31:47]} Ne7 {[%clk 1:12:41]} 8. Bc4
{[%clk 1:25:44]} d5 {[%clk 1:07:02]} 9. Bb3 {[%clk 1:21:27]} O-O {[%clk 1:03:07]}
10. Nxd4 {[%clk 1:18:07]} cxd4 {[%clk 0:58:18]} 11. Ne2 {[%clk 1:16:28]} dxe4
{[%clk 0:53:32]} 12. dxe4 {[%clk 1:16:00]} b5 {[%clk 0:51:20]} 13. Ng3 {[%clk
1:13:16]} h5 {[%clk 0:46:39]} 14. f5 {[%clk 0:54:07]} exf5 {[%clk 0:44:19]} 15.
exf5 {[%clk 0:54:06]} h4 {[%clk 0:38:43]} 16. fxg6 {[%clk 0:53:42]} Nxg6 {[%clk
0:38:39]} 17. Nf5 {[%clk 0:52:08]} Bxf5 {[%clk 0:34:35]} 18. Rxf5 {[%clk
0:51:36]} Qb6 {[%clk 0:34:22]} 19. Rxf7 {[%clk 0:46:23]} d3+ {[%clk 0:32:03]} 20.
Kh1 {[%clk 0:46:32]} Rxf7 {[%clk 0:32:13]} 21. Bxf7+ {[%clk 0:41:14]} Kxf7 {[%clk
0:32:36]} 22. Qf3+ {[%clk 0:40:37]} Qf6 {[%clk 0:33:01]} 23. Qb7+ {[%clk
0:40:24]} Qe7 {[%clk 0:31:52]} 24. Qf3+ {[%clk 0:35:49]} Bf6 {[%clk 0:30:29]} 25.
Bg5 {[%clk 0:34:54]} Rf8 {[%clk 0:24:52]} 26. Bxf6 {[%clk 0:32:43]} Qxf6 {[%clk
0:24:58]} 27. Qxd3 {[%clk 0:32:07]} Qxb2 {[%clk 0:21:07]} 28. Rf1+ {[%clk
0:28:31]} Kg7 {[%clk 0:21:29]} 29. Qd7+ {[%clk 0:26:01]} Kh6 {[%clk 0:20:07]} 30.
Qd2+ {[%clk 0:25:02]} Kg7 {[%clk 0:20:34]} 31. Qd7+ {[%clk 0:25:00]} Kh6 {[%clk
0:20:37]} 32. Qd2+ {[%clk 0:25:00]} Kh7 {[%clk 0:21:01]} 1/2-1/2